Statystyki dla Wypisz Wszystkich Sąsiadów Następujących Krajów #8

Kliknij tutaj aby rozwiązać quiz!

Ogólne statystyki

  • Ten quiz został rozwiązany 2 102 razy
    (338 od ostatniego zresetowania)
  • Średni wynik to 24 z 31

Statystyki odpowiedzi

Odpowiedź% Poprawnych
Polska
100%
Słowacja
99%
Austria
97%
Niemcy
97%
Uzbekistan
85%
Kirgistan
84%
Somalia
84%
Kenia
83%
Egipt
81%
Afganistan
80%
Jordania
79%
Liban
79%
Sudan
79%
Syria
79%
Sudan Południowy
77%
Zimbabwe
77%
Erytrea
76%
Demokratyczna Republika Konga
75%
Chiny
72%
Dżibuti
70%
Angola
68%
Ghana
68%
Tanzania
68%
Botswana
66%
Mozambik
66%
Namibia
66%
Gwinea
62%
Burkina Faso
60%
Liberia
60%
Mali
59%
Malawi
56%

Rozkład punktacji

Percentyl według liczby udzielonych odpowiedzi

Procent ludzi z każdym wynikiem

Twoja historia wyników

Nie rozwiązałeś tego quizu od ostatniego zresetowania